Top 100 Highest Rated PS1 Games - Statistics

General Stats
  • This quiz has been taken 110 times
  • The average score is 30 of 100
Answer Stats
Top Genre Playable Character Developer Game Title Rating % Correct
6 Action-Adventure Solid Snake Konami Metal Gear Solid 94.22
94%
20 Survival Horror Chris Redfield Capcom Resident Evil 91.26
91%
13 J-rpg Tifa Lockhart Squaresoft Final Fantasy VII 92.23
89%
33 Survival Horror Claire Redfield Capcom Resident Evil 2 89.26
86%
18 Action-Adventure Lara Croft Core Design Tomb Raider 91.46
86%
29 J-rpg Zell Dincht Squaresoft Final Fantasy VIII 90.01
85%
3 Racing Simulation Honda EK Civic SiR-II Sony Entertainment Gran Turismo 96.56
85%
19 Survival Horror Jill Valentine Capcom Resident Evil 3: Nemesis 91.40
85%
2 Fighting Hwoarang Namco Tekken 3 96.67
84%
32 Fighting Kunimitsu Namco Tekken 2 89.42
80%
7 Racing Simulation Corvette Coupe '96 Sony Entertainment Gran Turismo 2 93.96
75%
1 Sports/Skating Bob Burnquist Neversoft Tony Hawk's Pro Skater 2 98.16
75%
4 J-rpg Zidane Tribal Squaresoft Final Fantasy IX 94.83
72%
8 Fighting M.Bison Capcom Street Fighter Alpha 3 93.62
72%
91 Action-Adventure Lara Croft Core Design Tomb Raider III 76.45
72%
12 Sports/Skating Kareem Campbell Neversoft Tony Hawk's Pro Skater 92.32
70%
22 Platform Coco Bandicoot Naughty Dog Crash Bandicoot 3: Warped 91.11
67%
74 J-rpg Locke Cole Squaresoft Final Fantasy Anthology 80.59
67%
15 Rhythm Parappa NanaOn-Sha PaRappa the Rapper 92.06
67%
46 Survival Horror Harry Mason Konami Silent Hill 86.71
66%
78 J-rpg Firion Squaresoft Final Fantasy Origins 79.88
63%
37 Racing Age Supernova Namco R4: Ridge Racer Type 4 88.64
63%
31 J-rpg Crono Squaresoft Final Fantasy Chronicles 89.63
59%
9 Action RPG/2D Platform Alucard Konami Castlevania: Symphony of the Night 93.10
58%
38 Kart Racing Doctor Neo Cortex Naughty Dog Crash Team Racing 88.51
57%
43 Action-Adventure Peter Parker Neversoft Spider-Man 87.51
54%
25 Music/Exercise Dance Pad Konami Dance Dance Revolution 90.37
53%
52 Cinematic Platform Abe Oddworld Inhabitants Oddworld: Abe's Oddysee 85.46
53%
5 J-rpg Serge/Lynx Squaresoft Chrono Cross 94.48
51%
41 Sports/Skating Bam Margera Neversoft Tony Hawk's Pro Skater 3 87.77
48%
98 Platform Buzz Lightyear Traveller's Tales Toy Story 2: Buzz Lightyear to the Rescue 75.64
46%
14 First-Person Shooter Lt. Jimmy Patterson Dreamworks Medal of Honor 92.17
42%
64 Tactical RPG Ramza Beoulve Squaresoft Final Fantasy Tactics 83.31
39%
71 Action RPG Aya Brea Squaresoft Parasite Eve 81.10
34%
17 Platform Spyro Insomniac Spyro: Year of the Dragon 91.72
30%
24 3rd-Person Shooter/Stealth Gabriel Logan Eidetic Syphon Filter 90.39
30%
49 First-Person Shooter Lt. Jimmy Patterson Dreamworks Medal of Honor Underground 86.23
29%
40 Cinematic Platform Abe Oddworld Inhabitants Oddworld: Abe's Exoddus 88.31
29%
23 Platform Spike Japan Studio Ape Escape 90.42
25%
79 Action RPG Aya Brea Squaresoft Parasite Eve II 79.81
24%
90 Action/2D Platform X Capcom Megaman X5 76.76
23%
11 Action RPG Ashley Riot Squaresoft Vagrant Story 92.56
23%
42 Driving Simulator 1972 Buick Skylark Reflection Interactive Driver 87.54
22%
59 Fighting Ryu Hayabusa Team Ninja Dead or Alive 84.29
20%
55 Sports/Soccer Manchester United EA Canada Fifa 2001 Major Leauge Soccer 85.08
20%
95 Space Combat Simulator Captain Jean-Luc Picard Warthog Games Star Trek: Invasion 76.10
20%
50 Action-Adventure Regina Capcom Dino Crisis 2 86.11
19%
86 J-rpg Hero Heartbeat Dragon Warrior VII 78.16
19%
56 J-rpg Fei Fong Wong Squaresoft Xenogears 84.78
19%
96 Action-Adventure Mega Man Volnutt Capcom Mega Man Legends 2 76.05
18%
44 Action-Adventure Rikimaru Acquire Tenchu: Stealth Assassins 87.41
18%
65 Air Combat Simulation R-M01 Namco Ace Combat 2 83.22
16%
48 Action-Adventure Alundra Matrix Software Alundra 86.41
16%
54 Platform/Run and Gun Marco Rossi SNK Metal Slug X 85.11
16%
94 Racing Mr. Potato Head Traveller's Tales Toy Story Racer 76.31
16%
70 Sports/Soccer Arsenal F.C. EA Canada FIFA Soccer 2002 81.19
15%
21 Action-Adventure Raziel Crystal Dynamics Legacy of Kain: Soul Reaver 91.21
15%
39 Sports/American Football Minnesota Vikings EA Sports Madden NFL 2002 88.49
15%
36 Sports/Hockey Toronto Maple Leafs EA Canada NHL 2001 88.76
14%
89 Action-Adventure Rikimaru Acquire Tenchu 2: Birth of the Stealth Assassins 77.77
14%
100 J-rpg Dart Feld Japan Studio The Legend of Dragoon 74.95
14%
69 Action RPG Musashi Squaresoft Brave Fencer Musashi 81.74
13%
68 J-rpg Jowy Atreides Konami Suikoden II 82.29
13%
30 Racing FEISAR Psygnosis Wipeout 3 89.97
13%
26 Sports/Wrestling Kurt Angle Yuke's WWF Smackdown! 2: Know Your Role 90.26
13%
88 Survival Horror Edward Carnby Darkworks Alone in the Dark: The New Nightmare 77.86
11%
35 J-rpg Justin Gamearts Grandia 89.17
11%
10 Racing AG Systems Psygnosis Wipeout XL 93.04
10%
73 J-rpg Claude C. Kenny Tri-Ace Star Ocean: The Second Story 80.76
9%
72 J-rpg Lenneth Valkyrie Tri-Ace Valkyrie Profile 81.08
9%
27 Racing Tommi Makinen Codemasters Colin McRae Rally 2.0 90.16
8%
16 Space Combat Simulator S-4 Dark Angel Psygnosis Colony Wars 91.78
8%
85 J-rpg Alex Noa Game Arts Lunar: Silver Star Story Complete 78.28
8%
28 Sports/American Football Jacksonville Jaguars EA Sports Madden NFL 2001 90.05
8%
45 Sports/Basketball Los Angeles Lakers EA Sports NBA Live 2001 86.82
8%
34 Scrolling Shooter Moon's forces Squaresoft Einhander 89.21
6%
63 J-rpg Maya Amano Atlus Persona 2: Eternal Punishment 83.49
6%
58 Action-Adventure Hana Tsu Vachel Kronos DIgital Fear Effect 2: Retro Helix 84.44
5%
47 J-rpg Hiro Gamearts Lunar 2: Eternal Blue Complete 86.61
5%
84 Sports/Baseball San Francisco Giants 989 Sports MLB 2003 78.39
5%
61 Tile-Matching/Fighting Chun-Li Capcom Super Puzzle Fighter II Turbo 83.87
4%
82 Tactical RPG Arc Eda Ricolne Arc Entertainment Arc the Lad Collection 78.64
3%
51 Racing McLaren F1 GTR Electronic Arts Need for Speed: High Stakes 86.05
3%
83 Racing 2000 Porsche 911 Turbo (996) Eden Studios Need for Speed: Porsche Unleashed 78.61
3%
81 J-rpg Stahn Aileron Wolf Team Tales of Destiny 78.99
3%
99 Fighting Wolverine Activision X-Men: Mutant Academy 75.22
3%
62 Fighting Black Lotus Light Weight Bushido Blade 83.66
1%
97 Platform/Stealth Ginger Blitz Games Chicken Run 75.91
1%
67 Sports/BMX Joey Garcia Z-Axis Dave Mirra Freestyle BMX 82.76
1%
93 Light Gun Shooter Tagami Alfa System Elemental Gearbolt 76.39
1%
80 Vertical Scrolling Shooter R-Gray 2 Taito RayStorm 79.53
1%
53 Racing Lothar Attention to Detail Rollcage Stage II 85.16
1%
92 Sports/Baseball Oakland Athletics Treyarch Triple Play Baseball 76.41
1%
66 J-rpg Cray Capcom Beathe of Fire IV 83.21
0%
60 Music/Exercise Dance Pad Konami Dance Dance Revolution Konamix 84.17
0%
77 Action Taneo Polygon Magic Incredible Crisis 80.16
0%
57 Sports/Boxing Lennox Lewis Black Ops Knockout Kings 2001 84.71
0%
76 Sports/BMX Cory Nastazio Runecraft Mat Hoffman's Pro BMX 80.31
0%
87 Sports/Hockey Boston Bruins SolWorks NHL Faceoff 2001 78.04
0%
75 Racing Audi A4 Codemasters TOCA World Touring Cars 80.49
0%
No matching quizzes found
Score Distribution
Percent of People with Each Score
Percentile by Number Answered
Your Score History
You have not taken this quiz